|
|
|
|
| LEADER |
00000cam a2200000 a 4500 |
| 001 |
UCE5346 |
| 003 |
CL-VaPUC |
| 008 |
141230e20130300mx |||||||||||||||||spa|d |
| 020 |
|
|
|a 9786077076605
|
| 082 |
0 |
4 |
|a 004.6
|b TOM
|2 21
|
| 100 |
|
|
|a Tomás Gironés, Jesús
|e autor
|9 577930
|
| 245 |
1 |
3 |
|a El gran libro de Android
|
| 250 |
|
|
|a 3a. ed
|
| 300 |
|
|
|a 431 p
|
| 942 |
|
|
|c BK
|
| 945 |
|
|
|d 20141230 16:04:00
|a dcastane
|
| 260 |
|
|
|a Cuernavaca
|b Alfaomega
|c 2013
|
| 500 |
|
|
|a Actualizado a la versión 4.2
|
| 650 |
|
0 |
|a Internet
|9 254823
|
| 650 |
|
0 |
|a Dispositivos móviles
|9 571814
|
| 650 |
|
0 |
|a Servicios web
|9 571811
|
| 650 |
|
0 |
|a Android
|9 571810
|
| 583 |
|
|
|a last modification
|c 20141230 16:04:00
|k Rodrigo Vera
|
| 999 |
|
|
|c 358093
|d 358091
|
| 952 |
|
|
|0 0
|1 0
|3 erb
|4 0
|6 004_600000000000000_TOM_2013
|7 0
|8 A
|9 466460
|a BIBING
|b BIBING
|i 5133068
|o 004.6 TOM 2013
|p 5133068
|r 2024-01-25
|w 2019-11-23
|y BK
|z Catalogado en:20141230
|k CCI
|
| 952 |
|
|
|0 0
|1 0
|3 erb
|4 0
|6 004_600000000000000_TOM_2013
|7 0
|8 A
|9 466461
|a BIBING
|b BIBING
|i 513305K
|o 004.6 TOM 2013
|p 513305K
|r 2024-01-25
|w 2019-11-23
|y BK
|z Catalogado en:20141230
|k CCI
|
| 952 |
|
|
|0 0
|1 0
|3 erb
|4 0
|6 004_600000000000000_TOM_2013
|7 0
|8 A
|9 466462
|a BIBING
|b BIBING
|i 5133041
|o 004.6 TOM 2013
|p 5133041
|r 2024-01-25
|w 2019-11-23
|y BK
|z Catalogado en:20141230
|k CCI
|
| 952 |
|
|
|0 0
|1 0
|3 erb
|4 0
|6 004_600000000000000_TOM_2013
|7 0
|8 A
|9 466463
|a BIBING
|b BIBING
|i 5133033
|o 004.6 TOM 2013
|p 5133033
|r 2024-01-25
|w 2019-11-23
|y BK
|z Catalogado en:20141230
|k CCI
|
| 952 |
|
|
|0 0
|1 0
|3 erb
|4 0
|6 004_600000000000000_TOM_2013
|7 0
|8 A
|9 466464
|a BIBING
|b BIBING
|i 5133025
|o 004.6 TOM 2013
|p 5133025
|r 2024-01-25
|w 2019-11-23
|y BK
|z Catalogado en:20141230
|k CCI
|
| 952 |
|
|
|0 0
|1 0
|3 erb
|4 0
|6 004_600000000000000_TOM_2013
|7 0
|8 A
|9 466465
|a BIBING
|b BIBING
|i 5133017
|o 004.6 TOM 2013
|p 5133017
|r 2024-01-25
|w 2019-11-23
|y BK
|z Catalogado en:20141230
|k CCI
|
| 952 |
|
|
|0 0
|1 0
|3 erb
|4 0
|6 004_600000000000000_TOM_2013
|7 0
|8 A
|9 466466
|a BIBING
|b BIBING
|i 5133009
|o 004.6 TOM 2013
|p 5133009
|r 2024-01-25
|w 2019-11-23
|y BK
|z Catalogado en:20141230
|k CCI
|
| 952 |
|
|
|0 0
|1 0
|3 erb
|4 0
|6 004_600000000000000_TOM_2013
|7 0
|8 A
|9 466467
|a BIBING
|b BIBING
|i 5132983
|o 004.6 TOM 2013
|p 5132983
|r 2024-01-25
|w 2019-11-23
|y BK
|z Catalogado en:20141230
|k CCI
|
| 952 |
|
|
|0 0
|1 0
|3 erb
|4 0
|6 004_600000000000000_TOM_2013
|7 0
|8 A
|9 466468
|a BIBING
|b BIBING
|i 5132991
|o 004.6 TOM 2013
|p 5132991
|r 2024-01-25
|w 2019-11-23
|y BK
|z Catalogado en:20141230
|k CCI
|
| 952 |
|
|
|0 0
|1 0
|3 erb
|4 0
|6 004_600000000000000_TOM_2013
|7 0
|8 A
|9 466469
|a BIBING
|b BIBING
|i 5132975
|l 1
|o 004.6 TOM 2013
|p 5132975
|r 2024-01-25
|s 2023-10-24
|w 2019-11-23
|y BK
|z Catalogado en:20141230
|k CCI
|